What happened in 2000s and 2010s? - Statistics

General Stats
  • This quiz has been taken 501 times
    58 since last reset
  • The average score is 9 of 15
Answer Stats
Question Answer % Correct
Who became the 43rd president of the U.S.A. on January 20, 2001? George Bush
100%
The 2012 Summer Olympics was hosted in which city? London
85%
Who baceme the chancellor of Germany in 2005? Angela Merkel
78%
Who won FIFA World Cup in 2002? Brazil
78%
In 2011, who was killed by United States Navy SEALs? Osama bin Laden
78%
This Middle Eastern country finally allowed women to drive in 2018: Saudi Arabia
76%
Which Asian country gained independence in 2002? East Timor
63%
Which major website was launched on January 15, 2001? Wikipedia
59%
This social media network is launched in 2006: Twitter
56%
Alan Ruschel, Jakson Follmann and Neto are footballers and the only survivors of the 2016 LaMia Flight 2933 plane crash. Which Brazilian football club are they in? Associação Chapecoense de Futebol
46%
Which international agreement related to the European union was signed in 2007? Lisbon treaty
41%
Julian Assange, co-founder of WikiLeaks was arrested in: 2019
31%
Which online game was released in 2006? Roblox
31%
Which European country gained independence in 2006? Montenegro
30%
In 2010, a coup d'état took place in one African country. Which country was it? Niger
19%
No matching quizzes found
Score Distribution
Percent of People with Each Score
Percentile by Number Answered
Your Score History
You have not taken this quiz since the last reset